Silverlight 2 In Action : (Record no. 580837)

MARC details
000 -LEADER
fixed length control field 00468nam a2200181 a 4500
008 - FIXED-LENGTH DATA ELEMENTS--GENERAL INFORMATION
fixed length control field 250812s2008##################000#0#eng##
020 ## - INTERNATIONAL STANDARD BOOK NUMBER
ISBN 9788177228885
082 04 - DEWEY DECIMAL CLASSIFICATION NUMBER
Classification number 006.7
Item number CAM
100 1# - MAIN ENTRY--AUTHOR NAME
Personal name Campbell, Chad A.,
245 10 - TITLE STATEMENT
Title Silverlight 2 In Action :
260 ## - PUBLICATION, DISTRIBUTION, ETC. (IMPRINT)
Name of publisher Dreamtech Press,
Year of publication 2008.
300 ## - PHYSICAL DESCRIPTION
Number of Pages 402 pages
942 ## - ADDED ENTRY ELEMENTS (KOHA)
Koha item type English Books
Holdings
Withdrawn status Lost status Damaged status Not for loan Home library Current library Shelving location Date acquired Full call number Accession Number Price effective from Koha item type
        Anna Centenary Library Anna Centenary Library 3RD FLOOR, A WING 12.08.2025 006.7 CAM 125891 12.08.2025 English Books

Find us on the map